Parallel'nyje processory dlja upravljajuščich sistem

Gespeichert in:
Bibliographische Detailangaben
Format: Buch
Sprache:Russisch
Veröffentlicht: Moskva Energoizdat 1981
Tags: Tag hinzufügen
Keine Tags, Fügen Sie das erste Tag hinzu!

MARC

LEADER 00000nam a2200000 4500
001 c125170
005 20260305122121.3
041 0 |a rus 
044 |a RU 
245 1 0 |a Parallel'nyje processory dlja upravljajuščich sistem  |c Ja.I. Fet 
264 1 |a Moskva  |b Energoizdat  |c 1981 
300 |a 157 s.